Normal view
MARC view
- فندلاي،ارثر؛ ابو الخير،احمد فهمي ترجمة
Entry Personal Name
001 - CONTROL NUMBER
- control field: 38291
003 - CONTROL NUMBER IDENTIFIER
- control field: JO-AjAnu
005 - DATE AND TIME OF LATEST TRANSACTION
- control field: 20230606080358.0
008 - FIXED-LENGTH DATA ELEMENTS
- fixed length control field: 230606|| aca||aabn | a|a d
040 ## - CATALOGING SOURCE
- Original cataloging agency: JO-AjAnu
- Transcribing agency: JO-AjAnu
100 ## - HEADING--PERSONAL NAME
- Personal name: فندلاي،ارثر؛ ابو الخير،احمد فهمي ترجمة
670 ## - SOURCE DATA FOUND
- Source citation: Work cat.: (JO-AjAnu)19643: فندلاي،ارثر؛ ابو الخير،احمد فهمي ترجمة, author, على حافة العالم الاثيري أو الحياة بعد الموت تفسر تفسيرا علميا